A-Z Famous People - Germany - Statistics

General Stats
  • This quiz has been taken 182 times
  • The average score is 12 of 26
Answer Stats
Picture Hint Answer % Correct
E - Theoretical Physicist Albert Einstein
97%
B - Composer & Pianist Ludwig van Beethoven
96%
M - Politician Angela Merkel
92%
L - Priest & Theologian Martin Luther
87%
S - Racing Driver Michael Schumacher
80%
K - Model & Businesswoman Heidi Klum
78%
F - Monarch Frederick the Great
62%
O - Footballer Mesut Özil
58%
G - Inventor & Craftsman Johannes Gutenberg
57%
D - Actress & Singer Marlene Dietrich
57%
Z - Film Score Composer Hans Zimmer
54%
A - Statesman Konrad Adenauer
53%
X - Pope Pope Benedict XVI
53%
W - Actor Christoph Waltz
52%
N - Singer Nena
52%
V - Racing Driver Sebastian Vettel
51%
P - Theoretical Physicist Max Planck
34%
R - Football Executive Karl-Heinz Rummenigge
29%
H - Filmmaker & Actor Werner Herzog
24%
C - Singer & Actress Yvonne Catterfeld
16%
T - Composer & Multi-Instrumentalist Georg Philipp Telemann
11%
I - Journalist & Presenter Maybrit Illner
10%
Q - Industrialist Günther Quandt
5%
J - Cosmonaut Sigmund Jähn
5%
Y - Cartoonist Barbara Yelin
2%
U - Chess Grandmaster Wolfgang Unzicker
2%
No matching quizzes found
Score Distribution
Percent of People with Each Score
Percentile by Number Answered
Your Score History
You have not taken this quiz